00876nam a2200205Ia 4500003000900000008004100009020001800050040001600068080002300084111007000107245023100177260003400408300001300442500002600455650004100481700002700522942000700549999001500556952009900571IN-BaIIA211028s9999 xx 000 0 eng d a3-540-06314-5 cIIA Library a523.98(082.2)bXAM aEuropean Astronomical Meetingn1stcAthensd1972 Sept. 4-9913047 0aSolar activity and related interplanetary and terrestrial phenomenabvol. 1, proceedings of the First European Astronomical Meeting Athens, September 4-9, 1972cedited by J. Xanthakis  aBerlinbSpringer-Verlagc1973 axv,195p. aDonated by Mrs. Bappu aAstronomy and Astrophysics Thesaurus aXanthakis, J. ed97868 cBK c7721d7721 00104070aBANbBANcGENd1983-07-26l0o523.98(082.2)/ XAMp8536r2021-11-05w1983-07-26yBK